|
|
|
|
| LEADER |
00000cam a2200000 7i4500 |
| 001 |
0000004552 |
| 005 |
20151222.0 |
| 008 |
070730 |
| 020 |
|
|
|a 1842364081
|
| 090 |
0 |
0 |
|a ENC
|b ENG (4259)
|
| 245 |
0 |
0 |
|a First A to Z encyclopedia :
|b Camels,Crystals
|
| 260 |
|
|
|a Miles Kelly Publishing
|
| 300 |
|
|
|a Volume 2
|
| 500 |
|
|
|a Children ages 7-9 years old (orange)
|
| 650 |
|
0 |
|a Encyclopedia
|
| 650 |
|
0 |
|a Junior fiction
|x English
|x Languages
|
| 999 |
|
|
|a 0000970761
|b Book
|c REFERENCE
|e Cawangan Urban Transformation Centre
|
| 999 |
|
|
|a 0001069942
|b Book
|c Children Collection
|e Cawangan Bandar Penawar
|
| 999 |
|
|
|a 0001069962
|b Book
|c Children Collection
|e Cawangan Batu Pahat
|
| 999 |
|
|
|a 0001069965
|b Book
|c Children Collection
|e Cawangan Tangkak
|
| 999 |
|
|
|a 0001077181
|b Book
|c Children Collection
|e Cawangan Pontian
|
| 999 |
|
|
|a 0001077206
|b Book
|c Children Collection
|e Cawangan Taman Universiti
|
| 999 |
|
|
|a 0001077208
|b Book
|c REFERENCE
|e Cawangan Bandar Tenggara
|
| 999 |
|
|
|a 0001132839
|b Book
|c Children Collection
|e Cawangan Bandar Penawar
|
| 999 |
|
|
|a 0001132842
|b Book
|c Children Collection
|e Cawangan Pontian
|
| 999 |
|
|
|a 0001132843
|b Book
|c Children Collection
|e Cawangan Batu Pahat
|
| 999 |
|
|
|a 0001132844
|b Book
|c Children Collection
|e Cawangan Bukit Gambir
|
| 999 |
|
|
|a 0001132847
|b Book
|c REFERENCE
|e Cawangan Bandar Tenggara
|
| 999 |
|
|
|a 0001132848
|b Book
|c Children Collection
|e Cawangan Taman Universiti
|
| 999 |
|
|
|a 0001132849
|b Book
|c REFERENCE
|e Cawangan Segamat
|